ANANTHANARAYAN & PANIKAR'S TEXT BOOK OF MICROBIOLOGY (Record no. 22869)

MARC details
000 -LEADER
fixed length control field 00407nam a22001697a 4500
003 - CONTROL NUMBER IDENTIFIER
control field SGT
020 ## - INTERNATIONAL STANDARD BOOK NUMBER
International Standard Book Number 9789393330017
082 ## - DEWEY DECIMAL CLASSIFICATION NUMBER
Classification number 616.904
Item number A22K
100 ## - MAIN ENTRY--PERSONAL NAME
Personal name KANUNGO. REBS,ed.
245 ## - TITLE STATEMENT
Title ANANTHANARAYAN & PANIKAR'S TEXT BOOK OF MICROBIOLOGY
250 ## - EDITION STATEMENT
Edition statement 12TH
260 ## - PUBLICATION, DISTRIBUTION, ETC. (IMPRINT)
Place of publication, distribution, etc INDIA
Name of publisher, distributor, etc UNIVERSITY PRESS
Year of Publication 2022
300 ## - PAGE DESCRIPTION
No. of Pages 658
650 ## - SUBJECT ADDED ENTRY--TOPICAL TERM
Topical term or geographic name as entry element MICROBIOLOGY
653 ## - KEYWORDS--INDEX TERM
Keyword term MICROBIOLOGY
942 ## - ADDED ENTRY ELEMENTS (KOHA)
Source of classification or shelving scheme Dewey Decimal Classification
Koha item type Books
942 ## - ADDED ENTRY ELEMENTS (KOHA)
-- 15
Holdings
Withdrawn status Lost status Source of classification or shelving scheme Damaged status Not for loan Collection code Home library Current library Shelving location Date acquired Vendor Name Cost, normal purchase price SGTU Bill Number Total Checkouts Full call number Accession No. (Barcode) Date last seen Date last borrowed Bill Date Koha item type
    Dewey Decimal Classification     AYURVEDA SGT FA-FP Library SGT FA-FP Library Text Book 20/06/2022 AHUJA PUBLICATION 1250.00 SGTU 14473 16 616.904 A22K FA11345 16/01/2025 13/01/2025 19/05/2022 Books